| 000 | 01392nam a22003614a 4500 | ||
|---|---|---|---|
| 001 | ebr10155138 | ||
| 003 | CaPaEBR | ||
| 006 | m u | ||
| 007 | cr cn||||||||| | ||
| 008 | 051013s2006 nyu sb 001 0 eng | ||
| 010 | _z 2005044867 | ||
| 020 | _z1403973954 | ||
| 020 | _z1403973962 (pbk.) | ||
| 040 |
_aCaPaEBR _cCaPaEBR |
||
| 035 | _a(OCoLC)560253711 | ||
| 043 | _an-us--- | ||
| 050 | 1 | 4 |
_aLC311 _b.C483 2006eb |
| 082 | 0 | 4 |
_a370.11/40973 _222 |
| 245 | 0 | 0 |
_aCivic and moral learning in America _h[electronic resource] / _cedited by Donald Warren and John J. Patrick. |
| 250 | _a1st ed. | ||
| 260 |
_aNew York : _bPalgrave Macmillan, _c2006. |
||
| 300 | _aviii, 228 p. | ||
| 504 | _aIncludes bibliographical references and index. | ||
| 533 |
_aElectronic reproduction. _bPalo Alto, Calif. : _cebrary, _d2013. _nAvailable via World Wide Web. _nAccess may be limited to ebrary affiliated libraries. |
||
| 650 | 0 |
_aMoral education _zUnited States. |
|
| 650 | 0 |
_aCharacter _xStudy and teaching (Elementary) _zUnited States. |
|
| 650 | 0 |
_aCivics _xStudy and teaching _zUnited States. |
|
| 655 | 7 |
_aElectronic books. _2local |
|
| 700 | 1 |
_aWarren, Donald R., _d1933- |
|
| 700 | 1 |
_aPatrick, John J., _d1935- |
|
| 710 | 2 | _aebrary, Inc. | |
| 856 | 4 | 0 |
_uhttp://site.ebrary.com/lib/rucke/Doc?id=10155138 _zAn electronic book accessible through the World Wide Web; click to view |
| 999 |
_c200108 _d200108 |
||